Learning Resource and Development

The journal of higher education. (Record no. 29202)

MARC details
000 -LEADER
fixed length control field 01351cas a2200361 i 4500
001 - CONTROL NUMBER
control field 20226943
003 - CONTROL NUMBER IDENTIFIER
control field CSPC
005 - DATE AND TIME OF LATEST TRANSACTION
control field 20251222111159.0
008 - FIXED-LENGTH DATA ELEMENTS--GENERAL INFORMATION
fixed length control field 031925c2023 enkbr pso 0 a0eng c
022 0# - INTERNATIONAL STANDARD SERIAL NUMBER
International Standard Serial Number 0022-1546
Source 1
040 ## - CATALOGING SOURCE
Original cataloging agency CSPC
Language of cataloging eng
Description conventions rda
Transcribing agency CSPC
222 #0 - KEY TITLE
Key title Journal of higher education
Qualifying information (Columbus, Ohio. Online)
245 04 - TITLE STATEMENT
Title The journal of higher education.
264 31 - PRODUCTION, PUBLICATION, DISTRIBUTION, MANUFACTURE, AND COPYRIGHT NOTICE
Place of production, publication, distribution, manufacture Philadelphia PA ;
Name of producer, publisher, distributor, manufacturer Taylor & Francis Group,
Date of production, publication, distribution, manufacture, or copyright notice 2023.
300 ## - PHYSICAL DESCRIPTION
Extent volumes :
Other physical details illustrations ;
Dimensions 25 cm.
310 ## - CURRENT PUBLICATION FREQUENCY
Current publication frequency Bimonthly,
Date of current publication frequency 2023
336 ## - CONTENT TYPE
Content type term text
Content type code txt
Source rdacontent
337 ## - MEDIA TYPE
Media type term computer
Media type code c
Source rdamedia
338 ## - CARRIER TYPE
Carrier type term online resource
Carrier type code cr
Source rdacarrier
362 ## - DATES OF PUBLICATION AND/OR SEQUENTIAL DESIGNATION
Dates of publication and/or sequential designation Volume 94, Number 3
362 ## - DATES OF PUBLICATION AND/OR SEQUENTIAL DESIGNATION
Dates of publication and/or sequential designation Volume 94, Number 4
504 ## - BIBLIOGRAPHY, ETC. NOTE
Bibliography, etc. note Includes bibliographical references
521 ## - TARGET AUDIENCE NOTE
Target audience note COLLEGE OF TECHNOLOGICAL AND DEVELOPMENTAL EDUCATION (CTDE)
650 #0 - SUBJECT ADDED ENTRY--TOPICAL TERM
Topical term or geographic name entry element Education
General subdivision Periodicals.
650 #0 - SUBJECT ADDED ENTRY--TOPICAL TERM
Topical term or geographic name entry element Education, Higher
General subdivision Periodicals.
650 #7 - SUBJECT ADDED ENTRY--TOPICAL TERM
Topical term or geographic name entry element Higher Education.
650 #7 - SUBJECT ADDED ENTRY--TOPICAL TERM
Topical term or geographic name entry element Education.
Source of heading or term fast
Authority record control number or standard number (OCoLC)fst00902499
650 #7 - SUBJECT ADDED ENTRY--TOPICAL TERM
Topical term or geographic name entry element Education, Higher.
Source of heading or term fast
Authority record control number or standard number (OCoLC)fst00903005
655 #7 - INDEX TERM--GENRE/FORM
Genre/form data or focus term Periodicals.
Source of term fast
Authority record control number or standard number (OCoLC)fst01411641
700 1# - ADDED ENTRY--PERSONAL NAME
Personal name Quaye, Stephen John.,
Relator term editor.
942 ## - ADDED ENTRY ELEMENTS (KOHA)
Source of classification or shelving scheme Dewey Decimal Classification
Koha item type Serials
Suppress in OPAC No
Edition 13
Classification part 378
Item part J826
Call number prefix SER
Call number suffix 2023
Holdings
Withdrawn status Lost status Source of classification or shelving scheme Damaged status Not for loan Home library Current library Shelving location Date acquired Serial Enumeration / chronology Total Checkouts Full call number Barcode Date last seen Copy number Price effective from Koha item type Public note
    Dewey Decimal Classification   Not For Loan Main Library Main Library Serials 03/19/2025 Vol.94, No.4, 2023   Ser EDUC 25 v.94 n.4 2023 00801S 03/19/2025 1-1 03/19/2025 Serials Journal
    Dewey Decimal Classification   Not For Loan Main Library Main Library Serials 12/22/2025 Vol.94, No.3, 2023   Ser EDUC 25 v.94 n.3 2023 01470S 12/22/2025 1-1 12/22/2025 Serials Journal
    Dewey Decimal Classification   Not For Loan Main Library Main Library Serials 12/22/2025 Volume 94, Number 1 2023   Ser EDUC 25 v.94 n.1 2023 01468S 12/22/2025 1-1 12/22/2025 Serials Journal
    Dewey Decimal Classification   Not For Loan Main Library Main Library Serials 12/22/2025 Volume 94, Number 2 2023   Ser EDUC 25 v.94 n.2 2023 01469S 12/22/2025 1-1 12/22/2025 Serials Journal